000 00628nam a2200229Ia 4500
003 OSt
005 20220928115710.0
006 a|||||r|||| 00| 0
007 ta
008 220927b |||||||| |||| 00| 0 eng d
024 _a44045
037 _cTextual
040 _aSDCL
_cSDCL
_beng
041 _2eng
_aeng
082 _aV2562:71a, L2
100 _aSahni Daya Ram
_9445669
245 0 _aCatalouge of the museum of archeology at sarnath
260 _aDelhi
_bIndological Book House
_c1972
300 _axi,328p
_ccm.
942 _hV2562:71a, L2
_cTEXL
_2CC
999 _c760572
_d760572